Marketingové plánování praktická příručka manažera

Salvato in:
Dettagli Bibliografici
Autore principale: Cooper, John
Altri autori: Lane, Peter
Natura: Libro
Lingua:ceco
Pubblicazione: Praha GRADA 1999
Serie:Manažer
Soggetti:
Tags: Aggiungi Tag
Nessun Tag, puoi essere il primo ad aggiungerne!!

MARC

LEADER 00000nam a2200000 4500
001 c124334
005 20221214071338.6
020 |a 80-7169-641-2 
041 0 |a cze 
044 |a CZ 
245 1 0 |a Marketingové plánování  |b praktická příručka manažera  |c John Cooper, Peter Lane ; [z angl. orig. ... přel. Václav Dolanský] 
264 1 |a Praha  |b GRADA  |c 1999 
300 |a 230 s. 
490 1 |a Manažer 
830 0 |a Manažer 
500 |a Výkladový slovníček pojmov 
610 2 0 |a marketing 
610 2 0 |a plánovanie 
610 2 0 |a audit interný 
610 2 0 |a audit externý 
610 2 0 |a výskum 
610 2 0 |a rozhodovanie manažérske 
610 2 0 |a marketing mix 
610 2 0 |a ceny 
610 2 0 |a propagácia 
610 2 0 |a politika cenová 
610 2 0 |a prognózy 
610 2 0 |a komunikácia marketingová 
610 2 0 |a zákazníci 
100 1 |a Cooper, John 
700 1 |a Lane, Peter